Normal view
MARC view
- Lawrence, D.H.
Entry Personal Name
001 - CONTROL NUMBER
- control field: 28245
003 - CONTROL NUMBER IDENTIFIER
- control field: NUST
005 - DATE AND TIME OF LATEST TRANSACTION
- control field: 20200202120750.0
008 - FIXED-LENGTH DATA ELEMENTS
- fixed length control field: 200202|| aca||aabn | a|a d
040 ## - CATALOGING SOURCE
- Original cataloging agency: NUST
- Transcribing agency: NUST
100 ## - HEADING--PERSONAL NAME
- Personal name: Lawrence, D.H.
670 ## - SOURCE DATA FOUND
- Source citation: Work cat.: (NUST): Lawrence, D.H., The Rainbow /, 1984.
